LEADER 01637nam a2200325 u 4500 001 000000004833 003 CaOOAMICUS 005 20070226104708.0 008 940514s1898 au u000 u lat u 035 $a10127923 040 $aODaU$bita$dNIC$dCStRLIN$dNNUT$dPUL(R) 082 $a281.1082 100 0 $aPhilastrius,$cs., vesc. di Brescia,$dsec. IV.$0(OLS)http://pul/name/3987 240 10$aLiber de haeresibus$9(Philastrius, s., vesc. di Brescia, sec. IV).$0(OLS)http://pul/title/6984 245 10$aSancti Filastrii episcopi Brixiensis Diversarum hereseon liber /$crecensuit Fridericus Marx. 260 $aVindobonae :$bF. Tempsky ;$aLipsiae :$bG. Freytag,$c1898. 300 $axli, 274 p. ;$c23 cm 490 1 $aCorpus scriptorum ecclesiasticorum Latinorum ;$v38 500 $aIncludes indexes. 650 0$aHeresies, Christian$yEarly church, ca. 30-600.$2//eng$0(OLS)http://pul/subject/4219 700 1 $aMarx, Friedrich,$d1859-1941.$0(OLS)http://pul/name/5007 830 0$aCorpus scriptorum ecclesiasticorum Latinorum ;$v38.$0(OLS)http://pul/title/1658 850 $aPUL 852 $aPUL$W1$xDP1 Antico 800$y27$m2004$j1449$nBK-PRI$b $qStampati Antico$B6739$CPULBib$Z2$F6739 $H $81 900 $aFilastrio,$cs., vesc. di Brescia,$dsec. IV$93987 941 1 $a15 996 $6082$a281.1082$9(OLS)http://pul/classification/60 996 $6245$aSancti Filastrii episcopi Brixiensis Diversarum hereseon liber$9(OLS)http://pul/title/6985 996 $6260$aVindobonae :$bF. Tempsky$9(OLS)http://pul/publisher/48559 996 $6260$aLipsiae :$bG. Freytag$9(OLS)http://pul/publisher/48635 LEADER 01448nam a2200325 u 4500 001 000000059602 003 CaOOAMICUS 005 20070226120823.0 008 010703s1949 fr u000 u fre u 035 $a10895179 040 $aPUL(R)$bita 041 1 $afre$hlat 100 0 $aThomas Aquinas,$cs.,$dc. 1225-1274.$0(OLS)http://pul/name/3373 240 10$aSumma theologiae$9(Thomas Aquinas, s., c. 1225-1274).$lFrancese$1Gruppi, scelte.$0(OLS)http://pul/title/79787 245 10$aSomme theologique :$bl'âme humaine.$n1a,$pQuestions 75-83 /$cSaint Thomas D'Aquin ; traduction française par J. Wébert. 246 34$aQuestions 75-83 250 $a2e éd. 260 $aParis :$bTournai :$bDesclée,$c1949. 300 $a414 p. ;$c22 cm 490 1 $aÉditions de la revue des jeunes 700 1 $aWébert, J.$0(OLS)http://pul/name/41076 830 0$aÉditions de la revue des jeunes.$0(OLS)http://pul/title/79790 850 $aPUL 852 $aPUL$W1$xDP1 Altre Collocazioni$y17$mSenza collocazione$j12$nBK-PRI$b $qStampati$B77701$CPULBib$Z2$F77701 $H $81 900 $aTommaso d'Aquino,$cs.,$dc.1225-1274$93373 941 1 $a8 961 $aINV: 1096 996 $6245$aSomme theologique :$bl'âme humaine.$n1a,$pQuestions 75-83$9(OLS)http://pul/title/79788 996 $6246$aQuestions 75-83$9(OLS)http://pul/title/79789 996 $6260$aParis :$bTournai :$bDesclée$9(OLS)http://pul/publisher/69828